Loading...
| Literature - American Literature | 0 | 8 | 1 | 1 | 75 | 30 | 80.38 | 6 | 8 |
| Fine Arts - Visual Fine Arts | 0 | 7 | 0 | 1 | 70 | 38 | 86.14 | 2 | 7 |
| Philosophy | 0 | 6 | 0 | 1 | 60 | 71 | 91.17 | 1 | 6 |
| History - American History | 0 | 6 | 1 | 2 | 55 | 55 | 88.17 | 2 | 6 |
| Fine Arts - Other Fine Arts | 0 | 5 | 0 | 2 | 50 | 102 | 127.80 | 1 | 5 |
| Literature - European Literature | 0 | 4 | 0 | 0 | 40 | 79 | 95.00 | 1 | 4 |
| Fine Arts - Classical Music | 0 | 3 | 0 | 0 | 30 | 43 | 54.33 | 2 | 3 |
| History - Other History | 0 | 3 | 0 | 1 | 30 | 53 | 79.00 | 1 | 3 |
| Mythology | 0 | 3 | 1 | 0 | 25 | 44 | 63.00 | 2 | 3 |
| Literature - British Literature | 0 | 3 | 1 | 1 | 25 | 55 | 96.33 | 0 | 3 |
| Science - Other Science | 0 | 2 | 0 | 0 | 20 | 59 | 70.00 | 1 | 2 |
| History - European History | 0 | 2 | 0 | 2 | 20 | 125 | 125.50 | 0 | 2 |
| History - World History | 0 | 2 | 1 | 1 | 15 | 56 | 95.50 | 0 | 2 |
| Literature - World/Other Literature | 0 | 2 | 1 | 0 | 15 | 81 | 88.50 | 1 | 2 |
| Religion | 0 | 1 | 0 | 0 | 10 | 89 | 89.00 | 1 | 1 |
| Geography/Current Events | 0 | 1 | 0 | 0 | 10 | 44 | 44.00 | 1 | 1 |
| Social Science | 0 | 1 | 0 | 0 | 10 | 90 | 90.00 | 0 | 1 |